Statistics for History true or false

Click here to take the quiz!

General Stats

  • This quiz has been taken 36 times
    (35 since last reset)
  • The average score is 7 of 10

Answer Stats

QuestionAnswer% Correct
Mao Zedong was responsible for more deaths during the Great Leap Forward than Adolf Hitler throughout his entire reignTrue
87%
The Christmas Carol was wrote by Charles DickensTrue
83%
Lewis from Lewis and Clark first name was WilliamFalse
77%
India is the most populated country in the worldTrue
73%
Rhode Island was the 8th colonyFalse
70%
The Statue of Liberty is taller than the worlds tallest clock towerFalse
67%
Italian Dictator Benito Mussolini was once a school teacher before before his reignTrue
67%
The largest nuke ever tested was made in the USSRTrue
63%
There was once 27 letters in the alphabetTrue
53%
Russia was the last country in the USSRFalse
50%

Score Distribution

Percentile by Number Answered

Percent of People with Each Score

Your Score History

You have not taken this quiz since the last reset